000 00466nam a2200169Ia 4500
999 _c28460
_d28460
003 OSt
005 20201123102747.0
008 190216s9999||||xx |||||||||||||| ||und||
040 _coclc
082 _a894.8123
_bANA/K
100 _aAnanthasivan, G
_96838
245 0 _aKarmaphalam /
_cG Ananthasivan
260 _bPoorna Pubs,
_aKozhikode:
_c2002.
300 _a142p
650 _aNovel
942 _cBK
_2ddc
_h894.8123
_iANA/K
_k894.8123
_mANA/K